Tajemnice różańca - Statystyki

Ogólne statystyki
  • Ten quiz został rozwiązany 46 razy
  • Średni wynik to 9 z 24
Statystyki odpowiedzi
Hint Odpowiedź % Poprawnych
2. tajemnica radosna nawiedzenie św. Elżbiety
61%
1. tajemnica radosna zwiastowanie NMP
61%
Tajemnice światła odmawia się w dzień tygodnia: czwartek
54%
5. tajemnica radosna odnalezienie Jezusa w świątyni
50%
3. tajemnica radosna narodzenie Jezusa
46%
4. tajemnica radosna ofiarowanie Jezusa w świątyni
46%
Tajemnice radosne odmawia się w dni tygodnia: poniedziałek i sobota
46%
2. tajemnica bolesna biczowanie Jezusa
39%
4. tajemnica światła przemienienie na górze Tabor
39%
1. tajemnica chwalebna zmartwychwstanie Jezusa
39%
4. tajemnica bolesna droga krzyżowa
36%
2. tajemnica chwalebna wniebowstąpienie Jezusa
36%
4. tajemnica chwalebna wniebowzięcie NMP
36%
Tajemnice bolesne odmawia się w dni tygodnia: wtorek i piątek
36%
1. tajemnica światła chrzest Jezusa w Jordanie
32%
5. tajemnica bolesna śmierć na krzyżu
32%
Tajemnice chwalebne odmawia się w dni tygodnia: środa i niedziela
32%
3. tajemnica chwalebna zesłanie Ducha św.
32%
1. tajemnica bolesna modlitwa Jezusa w Ogrójcu
29%
5. tajemnica światła ustanowienie eucharystii
25%
3. tajemnica światła głoszenie Królestwa Bożego i wzywanie do nawrócenia
18%
5. tajemnica chwalebna ukoronowanie NMP na królową Nieba i Ziemi
18%
3. tajemnica bolesna cierniem uhonorowanie
4%
2. tajemnica światła wesele w Kanie Galilejskim
4%
Nie znaleziono quizów pasujących do podanych kryteriów
Rozkład punktacji
Procent ludzi z każdym wynikiem
Percentyl według liczby udzielonych odpowiedzi
Twoja historia wyników
Nie rozwiązałeś tego quizu